Normal view MARC view
  • American Society of Civil Engineers.

Entry Corporate Name

Number of records used in: 1

001 - CONTROL NUMBER

  • control field: 25171

003 - CONTROL NUMBER IDENTIFIER

  • control field: NUST

005 - DATE AND TIME OF LATEST TRANSACTION

  • control field: 20191105110515.0

008 - FIXED-LENGTH DATA ELEMENTS

  • fixed length control field: 191105|| aca||aabn | a|a d

040 ## - CATALOGING SOURCE

  • Original cataloging agency: NUST
  • Transcribing agency: NUST

110 ## - HEADING--CORPORATE NAME

  • Corporate name or jurisdiction name as entry element: American Society of Civil Engineers.
  • Subordinate unit: Task Committee on Condition Assessment of Water Control Gates.

670 ## - SOURCE DATA FOUND

  • Source citation: Work cat.: (NUST): Water control gates :, c2012.
© 2023 Central Library, National University of Sciences and Technology. All Rights Reserved.